[Event "Challenge"]
[Site "http://www.queenalice.com/game.php?id=409999"]
[Date "2008.5.29"]
[Round "-"]
[White "Augustodombosco"]
[Black "Eclesiastes"]
[Result "1-0"]
[WhiteElo "1845"]
[BlackElo "1628"]

1. d4 f5 2. c4 g6 3. Nc3 Nf6 4. Bf4 Bg7 5. Qd2 c6 6. Bh6 O-O 7. Bxg7 Kxg7 8.
O-O-O d5 9. Nf3 Na6 10. Ne5 Be6 11. h4 dxc4 12. h5 1-0

[Event "Challenge"]
[Site "http://www.queenalice.com/game.php?id=410002"]
[Date "2008.5.29"]
[Round "-"]
[White "Eclesiastes"]
[Black "darkjedi"]
[Result "0-1"]
[WhiteElo "1685"]
[BlackElo "1810"]

1. e4 c5 2. d4 cxd4 3. c3 dxc3 4. Nxc3 d6 5. Bc4 Qc7 6. Qb3 e6 7. Bf4 a6 8. Nge2
b5 9. Bd3 Bb7 10. O-O Nd7 11. Rac1 Qd8 12. Ng3 Ngf6 13. a4 Bc6 14. axb5 axb5 15.
Nxb5 Rb8 16. Rxc6 Nc5 17. Rxc5 dxc5 18. Bxb8 Qxb8 19. Qa4 Nd7 20. f4 Be7 21. e5
O-O 22. Qe4 g6 23. f5 exf5 0-1

[Event "Challenge"]
[Site "http://www.queenalice.com/game.php?id=410003"]
[Date "2008.5.29"]
[Round "-"]
[White "darkjedi"]
[Black "Eclesiastes"]
[Result "1-0"]
[WhiteElo "1821"]
[BlackElo "1674"]

1. d4 Nf6 2. c4 g6 3. g3 d6 4. Bg2 Bg7 5. Nc3 O-O 6. e4 Nc6 7. f4 e5 8. fxe5
dxe5 9. d5 Nd4 10. Nge2 Bg4 11. Qd3 c5 12. O-O a6 13. h3 Bd7 14. Nxd4 cxd4 15.
Ne2 Rc8 16. b3 b5 17. Ba3 Re8 18. c5 b4 19. Bxb4 Bb5 20. Qd2 Nh5 21. Kh2 Bxe2
22. Qxe2 Bh6 23. Qxa6 1-0

[Event "Challenge"]
[Site "http://www.queenalice.com/game.php?id=410004"]
[Date "2008.5.29"]
[Round "-"]
[White "Eclesiastes"]
[Black "REUSKING"]
[Result "0-1"]
[WhiteElo "1633"]
[BlackElo "1919"]

1. e4 e5 2. f4 exf4 3. Nf3 Bc5 4. d4 Bb6 5. Bc4 Nf6 6. O-O O-O 7. Nc3 d6 8. Bxf4
Bg4 9. Be3 Nbd7 10. Bg5 h6 11. Bh4 c6 12. Kh1 Qc7 13. Qd3 Rae8 14. Bb3 c5 15.
Nd5 Nxd5 16. Bxd5 Be6 17. Bb3 c4 18. Qc3 cxb3 19. axb3 Qxc3 20. bxc3 Rc8 21. c4
f6 22. d5 Bf7 23. Nd4 Bxd4 0-1

[Event "Challenge"]
[Site "http://www.queenalice.com/game.php?id=410005"]
[Date "2008.5.29"]
[Round "-"]
[White "REUSKING"]
[Black "Eclesiastes"]
[Result "1-0"]
[WhiteElo "1910"]
[BlackElo "1727"]

1. e4 c5 2. Nf3 d6 3. d4 cxd4 4. Nxd4 Nc6 5. Be3 Nf6 6. Nc3 e5 7. Nb3 Be7 8. Be2
O-O 9. O-O a6 10. f3 Be6 11. Qd2 Ne8 12. Rad1 f5 13. exf5 Bxf5 14. Nd5 Bh4 15.
g3 Bh3 16. Rf2 Bf6 17. Nxf6+ Qxf6 18. Bf1 Bf5 19. Bd3 Bh3 20. Bf1 Bf5 21. c3 Ne7
22. Bg2 Ng6 23. Bg5 Qe6 24. f4 Rb8 25. Bd5 1-0

[Event "Challenge"]
[Site "http://www.queenalice.com/game.php?id=410008"]
[Date "2008.5.29"]
[Round "-"]
[White "Eclesiastes"]
[Black "biano"]
[Result "0-1"]
[WhiteElo "1610"]
[BlackElo "1904"]

1. e4 e5 2. f4 exf4 3. Nf3 d6 4. Bc4 Be7 5. O-O Bg4 6. d4 Nf6 7. Nc3 O-O 8. Bxf4
Nh5 9. Qd2 Nxf4 10. Qxf4 Bh5 11. Ne2 Nc6 12. Ng3 Bg6 13. Rad1 Na5 14. Bd3 d5 15.
e5 Bxd3 16. Rxd3 f6 17. e6 Bd6 18. Qg4 g6 19. Ne2 f5 20. Qh3 Qe7 0-1

[Event "Challenge"]
[Site "http://www.queenalice.com/game.php?id=410009"]
[Date "2008.5.29"]
[Round "-"]
[White "biano"]
[Black "Eclesiastes"]
[Result "1-0"]
[WhiteElo "1899"]
[BlackElo "1621"]

1. e4 c5 2. Nf3 d6 3. d4 cxd4 4. c3 dxc3 5. Nxc3 Nc6 6. Bc4 Nf6 7. O-O Bg4 8. h3
Bh5 9. Qe2 Nd4 10. Qd3 Nxf3+ 11. gxf3 e5 12. Bg5 a6 13. Nd5 Be7 14. Nxe7 Qxe7
15. Kg2 O-O 16. Rfd1 h6 17. Bh4 g5 18. Bg3 Rad8 19. a4 Bg6 20. h4 Nh5 21. Bh2
1-0

[Event "Challenge"]
[Site "http://www.queenalice.com/game.php?id=410010"]
[Date "2008.5.29"]
[Round "-"]
[White "Eclesiastes"]
[Black "alvarogoulart"]
[Result "0-1"]
[WhiteElo "1691"]
[BlackElo "1931"]

1. e4 e5 2. f4 exf4 3. Nf3 d6 4. Bc4 Bg4 5. O-O Nf6 6. d4 Be7 7. Nc3 Nc6 8. Bxf4
Nh5 9. Be3 a6 10. a3 O-O 11. Qe1 g6 12. Nd5 Be6 13. Bh6 Ng7 14. Qe3 b5 0-1

[Event "Challenge"]
[Site "http://www.queenalice.com/game.php?id=410021"]
[Date "2008.5.29"]
[Round "-"]
[White "shadrach"]
[Black "Eclesiastes"]
[Result "1-0"]
[WhiteElo "1911"]
[BlackElo "1718"]

1. e4 c5 2. Nf3 d6 3. d4 cxd4 4. Nxd4 Nf6 5. Nc3 a6 6. Be3 e5 7. Nb3 Nc6 8. f3
Be7 9. Qd2 Be6 10. Nd5 O-O 11. O-O-O 1-0

[Event "Challenge"]
[Site "http://www.queenalice.com/game.php?id=410022"]
[Date "2008.5.29"]
[Round "-"]
[White "Eclesiastes"]
[Black "shadrach"]
[Result "0-1"]
[WhiteElo "1710"]
[BlackElo "1919"]

1. e4 e5 2. f4 exf4 3. Nf3 d5 4. e5 g5 5. d4 g4 6. Bxf4 gxf3 7. Qxf3 Be6 8. Nc3
Nc6 9. O-O-O Bh6 10. Kb1 Qe7 0-1

[Event "Challenge"]
[Site "http://www.queenalice.com/game.php?id=412405"]
[Date "2008.6.3"]
[Round "-"]
[White "Mike36bh"]
[Black "Eclesiastes"]
[Result "0-1"]
[WhiteElo "1720"]
[BlackElo "1732"]

1. d4 Nf6 2. d5 g6 3. c3 Bg7 4. Nf3 d6 5. Bf4 O-O 6. Nbd2 Nxd5 7. e3 Nxf4 8.
exf4 Bf5 9. Bc4 Nd7 10. O-O Nf6 11. h3 d5 12. Bb3 Qd6 13. c4 c6 14. cxd5 cxd5
15. Nd4 Qxf4 16. Nxf5 Qxf5 17. Nf3 e6 18. Nd4 Qe5 19. f4 Qe3+ 20. Kh1 Ne4 21.
Kh2 Qxd4 22. Qxd4 Bxd4 23. g4 Bxb2 24. Rad1 Rac8 25. f5 Be5+ 26. Kg2 Rc3 27. Rf3
Rxf3 28. Kxf3 Rc8 29. fxg6 Rc3+ 30. Ke2 hxg6 31. h4 Ng3+ 32. Kf2 Kf8 33. Re1
Ne4+ 34. Ke2 Bf4 35. Rf1 Ng3+ 36. Kf2 Nxf1 37. Kxf1 d4 0-1

[Event "Challenge"]
[Site "http://www.queenalice.com/game.php?id=412407"]
[Date "2008.6.3"]
[Round "-"]
[White "Eclesiastes"]
[Black "Josecarlos"]
[Result "0-1"]
[WhiteElo "1732"]
[BlackElo "1809"]

1. e4 e5 2. f4 Nf6 3. Nc3 d6 4. Nf3 Bg4 5. Bc4 exf4 6. d4 Qe7 7. O-O Nbd7 8. Nb5
Nb6 9. Bb3 a6 10. Nc3 O-O-O 11. Bxf4 Nxe4 12. Re1 d5 13. Qd3 Bf5 14. Nd2 Qd7 15.
Ndxe4 dxe4 16. Nxe4 Qxd4+ 17. Qxd4 Rxd4 18. c3 Rxe4 19. Rxe4 Bxe4 20. Bxf7 Bc5+
21. Kh1 h5 22. b4 Be7 23. Re1 Rd8 24. h3 g5 25. Bxc7 Kxc7 26. Rxe4 Rd1+ 0-1

[Event "Challenge"]
[Site "http://www.queenalice.com/game.php?id=412408"]
[Date "2008.6.3"]
[Round "-"]
[White "Josecarlos"]
[Black "Eclesiastes"]
[Result "1-0"]
[WhiteElo "1821"]
[BlackElo "1702"]

1. e4 c5 2. d4 cxd4 3. Qxd4 Nc6 4. Qd1 Nf6 5. Nc3 e6 6. Nf3 Bb4 7. Bd2 d6 8. Bb5
e5 9. Nd5 Bxd2+ 10. Nxd2 O-O 11. O-O Nd4 12. Bc4 b5 13. Bb3 Bb7 14. Re1 a5 15.
a4 b4 16. h3 Rc8 17. c3 bxc3 18. Nxc3 Kh8 19. Nf3 Nxb3 20. Qxb3 Rb8 21. Qc2 Nh5
22. Rad1 Qe7 23. Qc1 Nf4 24. Ne2 Ne6 25. Ng3 Rbc8 26. Qd2 Rcd8 27. Qxa5 g6 28.
Qd2 Nf4 29. h4 Qd7 30. a5 f5 31. b4 Rf6 32. Qa2 Bc8 33. Nxe5 Qb7 34. a6 Qg7 35.
Nc6 Re8 36. b5 1-0

[Event "Challenge"]
[Site "http://www.queenalice.com/game.php?id=412434"]
[Date "2008.6.3"]
[Round "-"]
[White "ORNELAS"]
[Black "Eclesiastes"]
[Result "0-1"]
[WhiteElo "1645"]
[BlackElo "1719"]

1. b3 e5 2. d3 d5 3. Bb2 Nc6 4. Nd2 Nh6 5. g3 Bc5 6. Bg2 Qf6 7. Ndf3 Ng4 8. h3
Bxf2+ 9. Kf1 Ne3+ 10. Kxf2 Nxd1+ 11. Rxd1 Bd7 12. c4 d4 13. Bc1 h6 14. Ke1 Nb4
15. e4 Nxa2 16. Ba3 Qa6 17. Bc5 Qa5+ 18. Rd2 Qxc5 19. Rxa2 O-O 20. Ne2 Bc6 21.
Kf2 f5 22. Rf1 fxe4 23. dxe4 d3+ 24. Ke1 dxe2 25. Rxe2 Rad8 26. Rd2 Rxd2 27.
Nxd2 Qe3+ 28. Kd1 Rxf1+ 29. Bxf1 Bxe4 30. Kc1 Qe1+ 31. Kb2 Qxd2+ 32. Ka3 Qc1+
33. Kb4 Qxf1 34. Kb5 Qf2 35. c5 a6+ 36. Kb4 Qxg3 37. Ka4 Bc6+ 38. Ka3 a5 39. h4
Qc3 40. Ka2 Bd5 41. h5 Bxb3+ 42. Ka3 Bc4+ 43. Ka4 Qb4# 0-1

[Event "Challenge"]
[Site "http://www.queenalice.com/game.php?id=414735"]
[Date "2008.6.7"]
[Round "-"]
[White "Nefelibatas"]
[Black "Eclesiastes"]
[Result "1-0"]
[WhiteElo "1500"]
[BlackElo "1656"]

1. Nf3 c5 2. d4 cxd4 3. Nxd4 f5 4. Nxf5 Qa5+ 5. Bd2 Qxf5 6. e3 Nf6 7. Bd3 Qe5 8.
Bc3 Qc7 9. O-O Nc6 10. Bxf6 exf6 11. Nc3 Bd6 12. Nb5 1-0

[Event "Challenge"]
[Site "http://www.queenalice.com/game.php?id=416922"]
[Date "2008.6.13"]
[Round "-"]
[White "Eclesiastes"]
[Black "Sabaak_No_Gaara"]
[Result "0-1"]
[WhiteElo "1656"]
[BlackElo "1888"]

1. d4 Nf6 2. c4 g6 3. Nc3 Bg7 4. Bg5 c6 5. e3 d5 6. Bd3 O-O 7. Nge2 Bg4 8. Qc2
dxc4 9. Bxc4 b5 10. Bb3 a5 11. a4 Na6 12. axb5 Nb4 13. Qd2 cxb5 14. Nxb5 Ne4 15.
Qc1 Nd3+ 0-1

[Event "omaiue shine"]
[Site "http://www.queenalice.com/game.php?id=416923"]
[Date "2008.6.13"]
[Round "-"]
[White "Sabaak_No_Gaara"]
[Black "Eclesiastes"]
[Result "1-0"]
[WhiteElo "1895"]
[BlackElo "1649"]

1. e4 c5 2. f4 Nc6 3. Bc4 e5 4. Nf3 exf4 5. c3 g5 6. d4 cxd4 7. cxd4 d6 8. Nc3
g4 9. O-O gxf3 10. Qxf3 Nxd4 11. Qxf4 f6 12. Qh4 Be6 13. Nd5 Bxd5 14. Bxd5 Ne2+
15. Kf2 Nd4 16. Qh5+ Ke7 17. Qf7# 1-0